| 000 | 00722nam a2200205Ia 4500 | ||
|---|---|---|---|
| 003 | OSt | ||
| 005 | 20250203125619.0 | ||
| 008 | 210210b1999 xxu||||| |||| 00| 0 eng d | ||
| 040 | _cAL | ||
| 082 | _aK894.8 MALS | ||
| 100 |
_aMALLEPURAM G VENKATESHA, Ed. _dಮಲ್ಲೇಪುರಂ ಜಿ. ವೆಂಕಟೇಶ. _9155067 |
||
| 245 |
_aShamba kratisamputa.1-Kamnadu Karnata. _bಶಂಬಾ ಕೃತಿ ಸಂಪುಟ ೧: ಕಂನಾಡು – ಕರ್ನಾಟಕ |
||
| 260 |
_aBengaluru. _bKannada Pustaka Pradikara., _c1999 |
||
| 300 | _axxxx,470 | ||
| 440 |
_a1 _9155068 |
||
| 650 |
_aShamba Joshi Samagra Sahitya _9155069 |
||
| 690 |
_aKannada Miscellaneous _9155070 |
||
| 906 | _a056730 | ||
| 942 |
_2ddc _cBK |
||
| 999 |
_c104312 _d104312 |
||